|
|
|
|
| LEADER |
00000cam a2200000 a 4500 |
| 003 |
Ucuenca |
| 005 |
20240113063036.0 |
| 008 |
013111|2005 sp |||||r|||||||||||spa|| |
| 020 |
|
|
|a 9788420543987
|
| 040 |
|
|
|b spa
|
| 041 |
1 |
|
|a spa
|
| 082 |
0 |
|
|a 577.5
|
| 245 |
|
|
|a Evaluación de impacto ambiental
|c Alfonso Garmendia Salvador, Adela Salvador Alcaide, Cristina Crespo Sánchez, Luis Garmendia Salvador
|h imp
|
| 264 |
|
|
|a Madrid
|b Pearson Educación
|c 2005
|
| 300 |
|
|
|a xvii, 398 páginas:
|b ilu
|c 25 cm
|
| 505 |
0 |
|
|a Marco conceptual.-- Marco legal e institucional.-- La evaluación de impacto ambiental.-- El inventario ambiental.-- Descripción de las alternativas de proyectos y sus acciones.-- Valoración de los elementos ambientales.-- Valoración de impactos ambientales.-- Medidas para minimizar el impacto global.-- Cálculo del impacto final.-- Programa de vigilancia ambiental.-- Documento de síntesis.
|
| 650 |
|
|
|a Impacto ambiental
|9 37080
|
| 650 |
|
|
|a Medio ambiente
|9 351
|
| 650 |
|
7 |
|a Ecología
|9 9
|
| 700 |
1 |
|
|a Garmendia Salvador, Alfonso
|9 108508
|
| 700 |
1 |
|
|a Salvador Alcaide, Adela
|9 108509
|
| 700 |
1 |
|
|a Crespo Sánchez, Cristina
|9 108510
|
| 700 |
1 |
|
|a Garmendia Salvador, Luis
|9 108511
|
| 852 |
|
|
|a UC-YANUNCAY
|f Compra
|k asancho
|l 1
|m General
|p 20131113
|q 54.00
|r 2
|t 4407
|w Ingeniería Agronómica
|y 466375
|b 0
|d CDRY
|e CDRY
|g 577.5 SALA 1 AGROPECUARIAS
|z 2013-31-11
|
| 942 |
|
|
|c BK
|2 ddc
|z diana.leon@ucuenca.edu.ec
|
| 999 |
|
|
|c 64815
|d 64815
|